000 01211cad a22002295a 4500
001 L149714
008 100414u2010 xxk g 000 0 eng d
020 _a9781904818939
035 _a(Sirsi) u149714
041 0 _aeng
050 _a693.5 $2 18
110 2 _aConcrete Centre
_95831
245 0 0 _aMaterial efficiency
_boptimising performance with low waste design solutions in concrete
_h[electronic resource]
260 _aCamberley
_bMPA
_c2010
520 _aConcrete is a low waste answer for the construction industry; considers the waste issues of concrete at various stages of its manufacture, design and construction; provides guidance to designers and specifiers for optimising the use of concrete; outline of UK concrete waste initiatives; sustainability; references and online resources.
590 _aKA
651 4 _aUnited Kingdom
_y
690 _aBUILT ENVIRONMENT-BUILDING MATERIALS-CEMENTITIOUS, CONCRETE AND MINERAL BOUND MATERIALS-CONCRETE
710 2 _aMineral Products Association
_95839
856 4 0 _uhttps://www.concretecentre.com/online_services/publication_library/publication_details.aspx?PublicationId=709
_zView the item free of charge at www.concretecentre.com
942 _n0
999 _c120846
_d120846